Statistics for Does Country X Border Country Y?

Click here to take the quiz!

General Stats

  • This quiz has been taken 22 times
  • The average score is 10 of 14

Answer Stats

QuestionAnswer% Correct
Fiji and VanuatuNo
95%
Botswana and ZambiaYes
95%
Chile and PeruYes
95%
Armenia and GeorgiaYes
95%
Bangladesh and NepalNo
91%
Paraguay and UruguayNo
82%
Morocco and SpainYes
77%
Iran and KuwaitNo
73%
El Salvador and NicaraguaNo
59%
Belize and HondurasNo
59%
Afghanistan and UzbekistanYes
55%
Togo and NigerNo
45%
Laos and MyanmarYes
45%
Montenegro and North MacedoniaNo
41%

Score Distribution

Percentile by Number Answered

Percent of People with Each Score

Your Score History

You have not taken this quiz